Eclipse / (Record no. 729)

MARC details
000 -LEADER
fixed length control field 01572cam a2200385Ia 4500
003 - CONTROL NUMBER IDENTIFIER
control field data
005 - DATE AND TIME OF LATEST TRANSACTION
control field 20260322212032.0
008 - FIXED-LENGTH DATA ELEMENTS--GENERAL INFORMATION
fixed length control field data
020 ## - INTERNATIONAL STANDARD BOOK NUMBER
International Standard Book Number 9780316027656
020 ## - INTERNATIONAL STANDARD BOOK NUMBER
International Standard Book Number 0316027650
040 ## - CATALOGING SOURCE
Original cataloging agency BTCTA
Transcribing agency BTCTA
Modifying agency DAY
-- YDXCP
-- IH9
-- CXP
-- UNBSJ
-- DAY
050 14 - LIBRARY OF CONGRESS CALL NUMBER
Classification number PZ7.M57188
Item number Ec 2009
082 04 - DEWEY DECIMAL CLASSIFICATION NUMBER
Classification number [Fic]
Edition information 22
001 - CONTROL NUMBER
control field data
100 1# - MAIN ENTRY--PERSONAL NAME
Personal name Meyer, Stephenie,
Dates associated with a name 1973-
245 10 - TITLE STATEMENT
Title Eclipse /
Statement of responsibility, etc. Stephenie Meyer.
250 ## - EDITION STATEMENT
Edition statement 1st pbk. ed.
260 ## - PUBLICATION, DISTRIBUTION, ETC.
Place of publication, distribution, etc. New York :
Name of publisher, distributor, etc. Little, Brown and Company,
Date of publication, distribution, etc. 2009, c2007..
300 ## - PHYSICAL DESCRIPTION
Extent 629 p. ;
Dimensions 22 cm.
490 1# - SERIES STATEMENT
Series statement [Twilight saga, 3]
500 ## - GENERAL NOTE
General note "Megan Tingley books"
520 ## - SUMMARY, ETC.
Summary, etc. Bella must choose between her friendship with Jacob, a werewolf, and her relationship with Edward, a vampire, but when Seattle is ravaged by a mysterious string of killings, the three of them need to decide whether their personal lives are more important than the well-being of an entire city.
650 #0 - SUBJECT ADDED ENTRY--TOPICAL TERM
Topical term or geographic name entry element Vampires
Form subdivision Fiction.
650 #0 - SUBJECT ADDED ENTRY--TOPICAL TERM
Topical term or geographic name entry element Werewolves
Form subdivision Fiction.
650 #0 - SUBJECT ADDED ENTRY--TOPICAL TERM
Topical term or geographic name entry element Interpersonal relations
Form subdivision Fiction.
650 #0 - SUBJECT ADDED ENTRY--TOPICAL TERM
Topical term or geographic name entry element High schools
Form subdivision Fiction.
650 #0 - SUBJECT ADDED ENTRY--TOPICAL TERM
Topical term or geographic name entry element Schools
Form subdivision Fiction.
651 #0 - SUBJECT ADDED ENTRY--GEOGRAPHIC NAME
Geographic name Seattle (Wash.)
Form subdivision Fiction.
651 #0 - SUBJECT ADDED ENTRY--GEOGRAPHIC NAME
Geographic name Washington (State)
Form subdivision Fiction.
655 #7 - INDEX TERM--GENRE/FORM
Genre/form data or focus term Horror fiction.
Source of term gsafd.
655 #7 - INDEX TERM--GENRE/FORM
Genre/form data or focus term Mystery fiction.
Source of term gsafd.
800 1# - SERIES ADDED ENTRY--PERSONAL NAME
Personal name Meyer, Stephenie,
Dates associated with a name 1973-
Title of a work Twilight saga series;
Volume/sequential designation #3.
856 42 - ELECTRONIC LOCATION AND ACCESS
Materials specified Publisher description
Uniform Resource Identifier <a href="http://catdir.loc.gov/catdir/enhancements/fy0713/2007012325-d.html">http://catdir.loc.gov/catdir/enhancements/fy0713/2007012325-d.html</a>
856 42 - ELECTRONIC LOCATION AND ACCESS
Materials specified Contributor biographical information
Uniform Resource Identifier <a href="http://catdir.loc.gov/catdir/enhancements/fy0742/2007012325-b.html">http://catdir.loc.gov/catdir/enhancements/fy0742/2007012325-b.html</a>
Holdings
Withdrawn status Lost status Damaged status Not for loan Home library Current library Shelving location Date acquired Total checkouts Full call number Barcode Date last seen Price effective from Koha item type
        Fairview Fairview General stacks 22/03/2026   [Fic] 22 BC0010746 22/03/2026 22/03/2026 Books